00396nam a22001451a 4500020000900000040002600009050002300035245005300058260003500111300001200146500001500158600004500173600002900218852000300247 c0.00 aNEGST Library - Kenya aPL 8704.A2H65 1951 aChuo cha sala : prayer book published foh[Text] bCatholic Bookshop; Nairoc1951 a487 p.; a[Africana] aCatholic Church - Prayerbooks and devoti aSwahili Language - Texts